| 000 | 00993njm a2200301Ia 4500 | ||
|---|---|---|---|
| 001 | 20596 | ||
| 003 | IT-RoPAU | ||
| 005 | 20220918181145.0 | ||
| 008 | 131025s9999 xx 000 0 und d | ||
| 040 | _aIT-RoPAU | ||
| 040 | _cIT-RoPAU | ||
| 041 | _aITALIANO | ||
| 999 |
_c101588 _d101588 |
||
| 999 | _bn.d. | ||
| 100 |
_aFortis Alberto _92271 |
||
| 100 |
_eAutore musica _92272 |
||
| 100 |
_gCodice autore musica SPICS: 7524 _92273 |
||
| 245 | _aNino (El) | ||
| 250 | _a1a ed. | ||
| 260 | _aITALIA | ||
| 260 |
_bPHILIPS _c1984 [1a Ed.:1984 - Ed. Lingua Orig.: 1984] |
||
| 300 | _aMUSICASSETTA | ||
| 300 | _c42 minuti (Testo: pag.) | ||
| 500 | _aCanzone italiana- Cantautore | ||
| 505 | _aBrian Francisco - Plastic Mexico - Terra 20.000 - Jane - Svegliati amore con me - La sedia elettrica - Marion - Hey mama | ||
| 650 |
_aCANTAUTORI [CASSETTE] _eCodice MATERIA SPICS: 9951 _92274 |
||
| 700 |
_aFortis Alberto _eAutore testo e musica _gCodice autore testo/musica SPICS: 7524 _92275 |
||
| 942 |
_cMC _2ddc |
||